000 00459nam a2200157Ia 4500
999 _c30389
_d30389
003 OSt
005 20200213161107.0
008 190216s9999||||xx |||||||||||||| ||und||
040 _coclc
082 _a920
_bMAJ/V
100 _aMajeed, A K Abdul
_91899
245 0 _aVakkom Abdul Khadir /
_cA K Abdul Majeed
260 _bGrace Educational Association,
_aMalapuram:
_c2012.
300 _a80p
942 _cBK
_2ddc
_h920
_iMAJ/V
_k920
_mMAJ/V